<?xml version="1.0" encoding="UTF-8"?>
<marc:record xmlns:marc="http://www.loc.gov/MARC21/slim">
   <marc:leader>00000nam a2200000 a 4500</marc:leader>
   <marc:datafield ind1="1" ind2=" " tag="100">
      <marc:subfield code="a">Haidt, Jonathan</marc:subfield>
      <marc:subfield code="4">aut</marc:subfield>
      <marc:subfield code="e">Verfasser/-in</marc:subfield>
   </marc:datafield>
   <marc:datafield ind1="1" ind2=" " tag="100">
      <marc:subfield code="a">Price, Catherine</marc:subfield>
      <marc:subfield code="4">aut</marc:subfield>
      <marc:subfield code="e">Verfasser/-in</marc:subfield>
   </marc:datafield>
   <marc:datafield ind1=" " ind2=" " tag="653">
      <marc:subfield code="a">Softcover / Kinder- und Jugendbücher/Sachbücher</marc:subfield>
   </marc:datafield>
   <marc:datafield ind1=" " ind2=" " tag="653">
      <marc:subfield code="a">Sachbilderbücher</marc:subfield>
   </marc:datafield>
   <marc:datafield ind1=" " ind2=" " tag="653">
      <marc:subfield code="a">Internet</marc:subfield>
   </marc:datafield>
   <marc:datafield ind1=" " ind2=" " tag="653">
      <marc:subfield code="a">Soziale Medien</marc:subfield>
   </marc:datafield>
   <marc:datafield ind1=" " ind2=" " tag="653">
      <marc:subfield code="a">Bildschirme</marc:subfield>
   </marc:datafield>
   <marc:datafield ind1=" " ind2=" " tag="653">
      <marc:subfield code="a">Smartphone</marc:subfield>
   </marc:datafield>
   <marc:datafield ind1=" " ind2=" " tag="653">
      <marc:subfield code="a">Screentime</marc:subfield>
   </marc:datafield>
   <marc:datafield ind1=" " ind2=" " tag="653">
      <marc:subfield code="a">Medienkompetenz</marc:subfield>
   </marc:datafield>
   <marc:datafield ind1=" " ind2=" " tag="653">
      <marc:subfield code="a">Generation Angst</marc:subfield>
   </marc:datafield>
   <marc:datafield ind1=" " ind2=" " tag="653">
      <marc:subfield code="a">Cybermobbing</marc:subfield>
   </marc:datafield>
   <marc:datafield ind1=" " ind2=" " tag="653">
      <marc:subfield code="a">Psychologie</marc:subfield>
   </marc:datafield>
   <marc:datafield ind1=" " ind2=" " tag="653">
      <marc:subfield code="a">Sachbücher und Sachbilderbücher für Kinder und Jugendliche</marc:subfield>
   </marc:datafield>
   <marc:datafield ind1="0" ind2="0" tag="245">
      <marc:subfield code="a">Generation Glücklich</marc:subfield>
   </marc:datafield>
   <marc:datafield ind1="0" ind2="0" tag="245">
      <marc:subfield code="b">Dein Handbuch für mehr Spaß und Freiheit in einer Welt voller Bildschirme</marc:subfield>
   </marc:datafield>
   <marc:datafield ind1="0" ind2="0" tag="245">
      <marc:subfield code="c">Zuckersüß Verlag ; Jonathan Haidt, Catherine Price</marc:subfield>
   </marc:datafield>
   <marc:datafield ind1=" " ind2="1" tag="264">
      <marc:subfield code="a">Berlin</marc:subfield>
      <marc:subfield code="b">Zuckersüß Verlag</marc:subfield>
      <marc:subfield code="c">2026</marc:subfield>
   </marc:datafield>
   <marc:datafield ind1=" " ind2=" " tag="250">
      <marc:subfield code="a">1. Auflage</marc:subfield>
   </marc:datafield>
   <marc:datafield ind1="1" ind2=" " tag="520">
      <marc:subfield code="a">Stell dir vor, du wächst auf in einer Welt voller Smartphones, Likes und endlosem Scrollen. Das Handy ist das Erste, was du morgens, und das Letzte, was du abends anschaust – ganz schön viel für ein Kind, oder? „Generation Glücklich” richtet sich an Kinder zwischen 9 und 12 Jahren, die genau in dieser Welt ihren eigenen Platz finden wollen – ohne sich dabei selbst zu verlieren.
&lt;br&gt;
&lt;br&gt;
&lt;br&gt;
&lt;br&gt;
Anknüpfend an seinen Weltbestseller „Generation Angst” hat Jonathan Haidt mit „Generation Glücklich” jetzt ein Buch geschrieben, das sich explizit an Kinder und Jugendliche richtet. Gemeinsam mit Catherine Price, ebenfalls Bestsellerautorin von Büchern wie „Endlich abschalten: Warum Urlaub vom Smartphone uns Zeit, Glück und Liebe schenkt”, erklärt er jungen Menschen in diesem Buch auf Augenhöhe, was hinter der ständigen Bildschirmzeit steckt, warum Social Media uns manchmal eher verunsichert als verbindet – und wie wir trotzdem glücklich, mutig und ganz wir selbst bleiben können. Mit echten Geschichten von jungen Erwachsenen, spannenden Fakten, Challenges, Comic-Elementen und kleinen Geheimnissen aus der Tech-Welt, die Kinder unbedingt kennen sollten.
&lt;br&gt;
&lt;br&gt;
&lt;br&gt;
&lt;br&gt;
- Geschrieben von internationalen Bestsellerautor*innen
&lt;br&gt;
&lt;br&gt;
- Liefert konkrete Tipps und Hilfestellungen für einen gesunden Umgang mit sozialen Medien
&lt;br&gt;
&lt;br&gt;
- Kindgerecht, informativ und ohne erhobenen Zeigefinger
&lt;br&gt;
</marc:subfield>
   </marc:datafield>
   <marc:datafield ind1=" " ind2=" " tag="020">
      <marc:subfield code="a">9783689970086</marc:subfield>
      <marc:subfield code="9">9783689970086</marc:subfield>
   </marc:datafield>
   <marc:datafield ind1=" " ind2=" " tag="020">
      <marc:subfield code="a">3689970083</marc:subfield>
      <marc:subfield code="9">3689970083</marc:subfield>
   </marc:datafield>
   <marc:datafield ind1=" " ind2=" " tag="041">
      <marc:subfield code="a">ger</marc:subfield>
   </marc:datafield>
   <marc:datafield ind1=" " ind2=" " tag="300">
      <marc:subfield code="a">240 Seiten</marc:subfield>
   </marc:datafield>
</marc:record>
